| 000 | 00651cam a22002291 4500 | ||
|---|---|---|---|
| 001 | 000009376 | ||
| 005 | 20200929161555.0 | ||
| 008 | 910415s1970 ve 000 1 spa | ||
| 010 | _a53036220 | ||
| 035 | _a(OCoLC)23466163 | ||
| 040 |
_aDO-SdBNP _cTxU _dBNPHU |
||
| 042 | _apremarc | ||
| 082 |
_aV863.6 _bM953t |
||
| 100 | 1 |
_aMujica, Héctor. _99015 |
|
| 245 | 1 | 4 |
_aLas tres ventanas : _bcuentos escogidos / _cHéctor Mujica. |
| 260 |
_aCaracas, : _bTip. "La Nacion,", _c1970. |
||
| 300 |
_a172 p. ; _c24 cm. |
||
| 650 | 4 |
_aCuentos venezolanos _93815 |
|
| 650 | 4 |
_aLiteratura venezolana _93816 |
|
| 910 | _aCatalogación derivada | ||
| 049 | _aBNGR | ||
| 999 |
_c9136 _d9136 |
||